MARC details
| 000 -CABECERA |
| campo de control de longitud fija |
03703nam a2200433 i 4500 |
| 001 - NÚMERO DE CONTROL |
| campo de control |
on1131872189 |
| 003 - IDENTIFICADOR DEL NÚMERO DE CONTROL |
| campo de control |
OCoLC |
| 005 - FECHA Y HORA DE LA ÚLTIMA TRANSACCIÓN |
| campo de control |
20260515120145.0 |
| 008 - DATOS DE LONGITUD FIJA--INFORMACIÓN GENERAL |
| campo de control de longitud fija |
191210t20202020maua e b 001 0 eng |
| 010 ## - NÚMERO DE CONTROL DE LA BIBLIOTECA DEL CONGRESO |
| Número de control de LC |
2019057058 |
| 015 ## - NÚMERO DE BIBLIOGRAFÍA NACIONAL |
| Número de bibliografía nacional |
GBC050654 |
| Fuente |
bnb |
| 016 7# - NÚMERO DE CONTROL DE UNA AGENCIA BIBLIOGRÁFICA NACIONAL |
| Número de control del registro |
019765176 |
| Fuente |
Uk |
| 020 ## - NÚMERO INTERNACIONAL ESTÁNDAR DEL LIBRO |
| Número Internacional Estándar del Libro |
9780262539326 |
| Información calificativa |
paperback |
| 020 ## - NÚMERO INTERNACIONAL ESTÁNDAR DEL LIBRO |
| Número Internacional Estándar del Libro |
0262539322 |
| Información calificativa |
paperback |
| 035 ## - NÚMERO DE CONTROL DEL SISTEMA |
| Número de control de sistema |
(OCoLC)1131872189 |
| Número de control cancelado/no válido |
(OCoLC)1191907333 |
| -- |
(OCoLC)1199060145 |
| -- |
(OCoLC)1202534931 |
| 040 ## - FUENTE DE LA CATALOGACIÓN |
| Centro catalogador/agencia de origen |
DNLM/DLC |
| Lengua de catalogación |
eng |
| Normas de descripción |
rda |
| Centro/agencia transcriptor |
DLC |
| Centro/agencia modificador |
OCLCO |
| -- |
YDX |
| -- |
BDX |
| -- |
OCLCA |
| -- |
UKMGB |
| -- |
OCLCO |
| -- |
OCLCF |
| -- |
JAS |
| -- |
IZ8 |
| -- |
YDX |
| -- |
VP@ |
| -- |
SLU |
| -- |
MNW |
| -- |
AJB |
| -- |
UOH |
| 041 ## - CÓDIGO DE LENGUA |
| Código de lengua del texto/banda sonora o título independiente |
English |
| 042 ## - CÃDIGO DE AUTENTICACIÃN |
| Código de autenticación |
pcc |
| 043 ## - CÓDIGO DE ÁREA GEOGRÁFICA |
| Código de área geográfica |
n-us--- |
| 050 04 - SIGNATURA TOPOGRÁFICA DE LA BIBLIOTECA DEL CONGRESO |
| Número de clasificación |
RA638 |
| Número de documento/Ítem |
.B47 2020 |
| 100 ## - ENTRADA PRINCIPAL--NOMBRE DE PERSONA |
| Nombre de persona |
Berman, Jonathan M., |
| Término indicativo de función/relación |
author. |
| 9 (RLIN) |
27100 |
| 245 10 - MENCIÓN DE TÍTULO |
| Título |
Anti-vaxxers |
| Resto del título |
: how to challenge a misinformed movement |
| Mención de responsabilidad, etc. |
/ Jonathan M. Berman. |
| 246 30 - FORMA VARIANTE DE TÍTULO |
| Título propio/Titulo breve |
How to challenge a misinformed movement. |
| 264 #1 - PRODUCCIÓN, PUBLICACIÓN, DISTRIBUCIÓN, FABRICACIÓN Y COPYRIGHT |
| Producción, publicación, distribución, fabricación y copyright |
Cambridge, Massachusetts : |
| Nombre del de productor, editor, distribuidor, fabricante |
The MIT Press, |
| Fecha de producción, publicación, distribución, fabricación o copyright |
[2020] |
| 264 #4 - PRODUCCIÓN, PUBLICACIÓN, DISTRIBUCIÓN, FABRICACIÓN Y COPYRIGHT |
| Fecha de producción, publicación, distribución, fabricación o copyright |
℗2020. |
| 300 ## - DESCRIPCIÓN FÍSICA |
| Extensión |
xviii, 277 pages : |
| Otras características físicas |
illustrations (black and white) ; |
| Dimensiones |
21 cm. |
| 500 ## - NOTA GENERAL |
| Nota general |
|
| 504 ## - NOTA DE BIBLIOGRAFÍA, ETC. |
| Nota de bibliografía, etc. |
Includes bibliographical references and index. |
| 505 0# - NOTA DE CONTENIDO CON FORMATO |
| Nota de contenido con formato |
Is there even a problem? — Understanding vaccines — The world before vaccines — The first vaccine — The first anti-vaccine movements — Vaccine pioneers — 20th century anti-vaccine movements Autism — The anti-vaccine movement 1998-present — Vaxxed — Too many too soon — Deadly immunity — Ineffective "alternatives" to vaccination — Social media, "fake news," and the spread of information — Escalation of commitment — Religion and vaccine hesitancy — Big pharma — Anti-vaccine activism in 2018 and 2019 — Vaccine advocates — Who are they? — The anti-vaccine parent — What changes minds about vaccines? |
| 520 ## - SUMARIO, ETC. |
| Sumario, etc. |
Vaccines are a documented success story, one of the most successful public health interventions in history. Yet there is a vocal anti-vaccination movement, featuring celebrity activists (including Kennedy scion Robert F. Kennedy Jr. and actress Jenny McCarthy) and the propagation of anti-vax claims through books, documentaries, and social media. In Anti-Vaxxers, Jonathan Berman explores the phenomenon of the anti-vaccination movement, recounting its history from its nineteenth-century antecedents to today’s activism, examining its claims, and suggesting a strategy for countering them.<br/><br/>After providing background information on vaccines and how they work, Berman describes resistance to Britain’s Vaccination Act of 1853, showing that the arguments anticipate those made by today’s anti-vaxxers. He discusses the development of new vaccines in the twentieth century, including those protecting against polio and MMR (measles, mumps, rubella), and the debunked paper that linked the MMR vaccine to autism; the CDC conspiracy theory promoted in the documentary Vaxxed; recommendations for an alternative vaccination schedule; Kennedy’s misinformed campaign against thimerosal; and the much-abused religious exemption to vaccination.<br/><br/>Anti-vaxxers have changed their minds, but rarely because someone has given them a list of facts. Berman argues that anti-vaccination activism is tied closely to how people see themselves as parents and community members. Effective pro-vaccination efforts should emphasize these cultural aspects rather than battling social media posts. |
| 650 #0 - PUNTO DE ACCESO ADICIONAL DE MATERIA--TÉRMINO DE MATERIA |
| Término de materia o nombre geográfico como elemento de entrada |
Anti-vaccination movement. |
| 9 (RLIN) |
27103 |
| 650 #0 - PUNTO DE ACCESO ADICIONAL DE MATERIA--TÉRMINO DE MATERIA |
| Término de materia o nombre geográfico como elemento de entrada |
Vaccines. |
| 9 (RLIN) |
27102 |
| 650 10 - PUNTO DE ACCESO ADICIONAL DE MATERIA--TÉRMINO DE MATERIA |
| Término de materia o nombre geográfico como elemento de entrada |
Anti-Vaccination Movement. |
| 9 (RLIN) |
27103 |
| 650 20 - PUNTO DE ACCESO ADICIONAL DE MATERIA--TÉRMINO DE MATERIA |
| Término de materia o nombre geográfico como elemento de entrada |
Vaccination Refusal. |
| 9 (RLIN) |
27104 |
| 650 20 - PUNTO DE ACCESO ADICIONAL DE MATERIA--TÉRMINO DE MATERIA |
| Término de materia o nombre geográfico como elemento de entrada |
Sociological Factors. |
| 9 (RLIN) |
27105 |
| 650 20 - PUNTO DE ACCESO ADICIONAL DE MATERIA--TÉRMINO DE MATERIA |
| Término de materia o nombre geográfico como elemento de entrada |
Treatment Outcome. |
| 9 (RLIN) |
27107 |
| 651 #0 - PUNTO DE ACCESO ADICIONAL DE MATERIA--NOMBRE GEOGRÁFICO |
| Nombre geográfico |
United States |
| 9 (RLIN) |
22762 |
| 942 ## - ELEMENTOS DE ENTRADA AGREGADA (KOHA) |
| Fuente del sistema de clasificación o colocación |
Clasificación de Library of Congress |